| 000 | 00514nam a2200133 a 4500 | ||
|---|---|---|---|
| 001 | 000027801 | ||
| 005 | 20200930031116.0 | ||
| 008 | 110405s1999 dr 000 0 spa d | ||
| 040 |
_aDO-SdBNP _bspa _cBNPHU |
||
| 082 |
_axxxx _bE56o |
||
| 245 | 0 | 0 |
_aEncuesta de opinión, actitudes y motivación a extranjeros no residentes : _benero-junio 1999. |
| 260 |
_aSanto Domingo : _bBanco Central de la República Dominicana, Departamento de Cuentas Nacionales y Estadísticas Económicas, _c1999. |
||
| 300 |
_a108 p. ; _c30 cm. |
||
| 999 |
_c27293 _d27293 |
||